00835nam a2200205 i 450000100060000000300090000600500170001500700030003200800410003510000430007624500930011925000250021226000310023730000200026850501310028871000430041985200240046299900170048695201260050323497ES-MaACL20230906152900.0t|021210s1897 sp ||||1| spa d1 aAlvarez de la Braña, Ramón.92075910aCatálogos de la Biblioteca provincial de León / cpor Ramón Alvarez de la Braña. a2ª ed. corr. y aum. aLeón : b[s.n.], c1897. a2 v. ; c21 cm.8 aContiene: vol. I. Catálogo de autores y obras anónimas por orden alfatético ­ vol. II. Catálogo por orden de materias2 aBiblioteca Provincial (León)9154424 aES-MaACLjB-2030-31 c23497d23497 001040708LIBXIXaATENEOMbATENEOMcSPBd2008-01-17eSCl0oB-2030-31p1024211r2023-02-23 00:00:00w2023-02-23yMONANT